000 01017nmc a2200337 a 4500
003 AR-BaBNM
005 20251128210315.0
008 119119s1969 ||||||||||||||000 | spa||
040 _cAR-BaBNM
100 1 _aHingue, François
245 1 0 _aLa enseñanza programada
_bhacia una pedagogía cibernética
260 _aBuenos Aires
_bKapelusz
_c1969
300 0 _a172 p.
_bil., tablas
490 0 _aBiblioteca de cultura pedagógica
_vv. 112
504 _aContiene bibliografía p. 165-168
600 1 4 _aSkinner, Burrhus Frederic
_d1904
600 1 4 _aCrowder, Norman A.
600 1 4 _aPressey, Sidney L.
650 4 _aMAQUINAS DE ENSENAR
650 4 _aENSENANZA PROGRAMADA
650 4 _aMETODOS DE ENSENANZA
650 4 _aPROGRAMAS DE AUTOAPRENDIZAJE
650 4 _aROL DEL DOCENTE
650 4 _aENSENANZA INDIVIDUALIZADA
650 4 _aTEORIAS DEL APRENDIZAJE
650 4 _aCONDUCTISMO
650 4 _aFORMULACION DEL PROGRAMA
650 4 _aTECNOLOGIA EDUCATIVA
942 _cBK
998 _cRaquel
999 _c14886
_d14886